000 005520000a22001570004500
003 MACL
005 20170803121139.0
008 170803b xxu||||| |||| 00| 0 eng d
040 _cmacl
100 _aशुक्‍ल,श्रीलाल
_968496
245 _aहिन्‍दी हास्‍य व्‍यंग्‍य संकल्‍प
260 _bनेशनल बुक ट्रस्‍ट
_c2001
_aदिल्‍ली
350 _a40
650 _aव्‍यंग्‍य
_968497
942 _cHIN
_k891.437/SHU
_2ddc
999 _c10837
_d10837